| 000 | 00596nmm a2200157Ia 4500 | ||
|---|---|---|---|
| 008 | 251105s9999||||xx |||||||||||||||||und|| | ||
| 041 | _aspa | ||
| 100 | _aJuan Sebastián, Pachón Guerrero | ||
| 245 | 0 | _aAlcance y aplicación del principio de eficacia directa del derecho comunitario andino en el ámbito de la propiedad industrial y del derecho del consumidor | |
| 264 |
_a[Bogotá, Colombia] : _bUniversidad del Rosario, _c2020 |
||
| 300 | _a264 páginas | ||
| 490 | _aTextos de Jurisprudencia | ||
| 650 | _aLaw | ||
| 856 | _uhttps://public.digitaliapublishing.com/a/68910 | ||
| 942 | _cCF | ||
| 999 |
_c100853 _d100853 |
||